Guía de la decoración : superficies y acabados /

Guía que ofrece todas las posibilidades para decorar paredes, suelos y muebles. El los primeros capítulos se aborda cada material específico, mientras que el último se muestra cómo usar diversos efectos al mismo tiempo para conseguir un resultado sorprendente. Cada capítulo contiene dos proyectos pr...

Celý popis

Uloženo v:
Podrobná bibliografie
Hlavní autor: Scattergood, Emma (autor)
Médium: Kniha
Jazyk:španělština
Vydáno: Colonia, Alemania : Evergreen, 2001, c2001
Témata:
Tagy: Přidat tag
Žádné tagy, Buďte první, kdo vytvoří štítek k tomuto záznamu!

MARC

LEADER 00000nam^a2200000^a^4500
001 000171987
005 20250521000000.0
009 20260310101402.425
020 |a 3-8228-1185-8 
037 |a Acervo ITESO - Biblioteca 
041 |a ESP 
082 |a 729.  |b SCA 
100 |a Scattergood, Emma  |e (autor) 
245 1 0 |a Guía de la decoración :  |b superficies y acabados /  |c E. Scattergood ; tr. por Verónica Puigdengola Legler, Carlos Chacón Zabalza, Meritxell Tena Ripollès. 
264 4 |a Colonia, Alemania :  |b Evergreen,  |c 2001, c2001 
300 |a 208 p. 
336 |a texto  |b txt  |2 rdacontenido 
337 |a sin mediación  |b n  |2 rdamedio 
338 |a volumen  |b nc  |2 rdasoporte 
520 |a Guía que ofrece todas las posibilidades para decorar paredes, suelos y muebles. El los primeros capítulos se aborda cada material específico, mientras que el último se muestra cómo usar diversos efectos al mismo tiempo para conseguir un resultado sorprendente. Cada capítulo contiene dos proyectos prácticos con el fin de probar lo que se ha aprendido. 
649 |a XX 
650 |a Pintura 
650 |a Vidrio 
650 |a Mosaicos y Azulejos 
650 |a Cerámica y Mampostería 
650 |a Madera 
650 |a Decoración y Ornamentación 
650 |a Acabados Arquitectónicos 
650 |a Arquitectura 
910 |a Fondo General 
920 |a Impresos - Libros 
930 |a Reserva Especial 
905 |a 103 
901 |a 0500109667  |b IT1  |c REE  |u 20250521 
902 |a https://opac.biblio.iteso.mx/vufind/Record/000171987